000
00234nam a22000857a 4500
008
161207b xxu||||| |||| 00| 0 eng d
100
_9
1883
_a
Oxford unoversity
245
_a
Oxford student ATLAS
260
_a
New delhi
_b
Oxford unoversity
_c
2004
999
_c
4636
_d
4636